| 000 | 00560nam a2200229 a 4500 | ||
|---|---|---|---|
| 001 | nice12345678 | ||
| 003 | IN_TiNIC | ||
| 005 | 20260116011553.0 | ||
| 008 | 050524s1924 lona grp 000 0 eng | ||
| 020 |
_a _c100 |
||
| 082 | 0 | 0 |
_a953.8 _bBUR2 |
| 100 | _aBurton, Richard F | ||
| 245 | _aPilgrimage to Al-Madinah and Meccah | ||
| 260 |
_aLondon _bNo Publisher _c1924 |
||
| 300 | _a436p | ||
| 500 | _aincludes index and biblioraphy | ||
| 650 | _aMecca and Madina | ||
| 700 | 1 | _aBurton, Richard F | |
| 902 | _bSRS | ||
| 942 | _cBK | ||
| 999 |
_c2670 _d2670 |
||